Internados: ensayos sobre la situación social de los enfermos mentales

Na minha lista:
Detalhes bibliográficos
Autor principal: Goffman, Erving, 1922-1982
Formato: Livro
Idioma:espanhol
Publicado em: Buenos Aires Amorrortu 1970
Colecção:Biblioteca de Sociología
Assuntos:
Tags: Adicionar Tag
Sem tags, seja o primeiro a adicionar uma tag!

MARC

LEADER 00000nam a2200000 a 4500
001 UCW6946
003 CL-VaPUC
008 920721e19700000AG |||||||||||||||||spa|d
020 |a 9505180284 
082 0 4 |a 362.21  |b GOF  |2 21 
100 |a Goffman, Erving,   |d 1922-1982,  |x Sociólogo   |9 469505 
245 1 0 |a Internados: ensayos sobre la situación social de los enfermos mentales 
300 |a 379 p 
942 |c BK 
945 |d 19920721 00:00:00 
260 |a Buenos Aires  |b Amorrortu  |c 1970 
650 7 |a ENFERMOS MENTALES CONDICIONES SOCIALES  |2 CL-VaPUC  |9 312032 
650 7 |a HOSPITALES PSQUIATRICOS  |2 CL-VaPUC  |9 312033 
583 |a last modification  |c 19920721 00:00:00  |k Rodrigo Vera 
490 0 |a Biblioteca de Sociología 
999 |c 219842  |d 219840 
952 |0 0  |1 0  |4 0  |6 362_210000000000000_GOF_1970  |7 0  |8 R  |9 211232  |a BIBENE  |b BIBENE  |d 2019-11-15  |i 1938460  |o 362.21 GOF 1970  |p 1938460  |r 2025-01-15  |w 2019-11-15  |y BK_R  |k ICO 
952 |0 0  |1 0  |4 0  |6 362_210000000000000_GOF_1970  |7 0  |8 P  |9 211233  |a BIBEDU  |b BIBEDU  |c BIBEDU_PB  |d 2019-11-15  |i 3902080  |o 362.21 GOF 1970  |p 3902080  |r 2024-01-25  |w 2019-11-15  |y BK  |k PSI 
952 |0 0  |1 0  |4 0  |6 362_210000000000000_GOF_1970  |7 0  |8 P  |9 211234  |a BIBEDU  |b BIBEDU  |c BIBEDU_PB  |d 2019-11-15  |i 4147111  |o 362.21 GOF 1970  |p 4147111  |r 2024-01-25  |w 2019-11-15  |y BK  |k BME 
952 |0 0  |1 0  |4 0  |6 362_210000000000000_GOF_1970  |7 0  |8 R  |9 211235  |a BIBGIM  |b BIBGIM  |d 2019-11-15  |i 3490920  |o 362.21 GOF 1970  |p 3490920  |r 2025-01-15  |w 2019-11-15  |y BK_R  |k SSL 
952 |0 0  |1 0  |4 0  |6 362_210000000000000_GOF_1970  |7 0  |8 R  |9 211236  |a BIBGIM  |b BIBGIM  |d 2019-11-15  |i 4173287  |o 362.21 GOF 1970  |p 4173287  |r 2025-01-15  |w 2019-11-15  |y BK_R  |k SSL